Latex processes and potentialities 2: Moulding and casting (Record no. 62052)

MARC details
000 -LEADER
fixed length control field 00379nam a2200145Ia 4500
100 ## - MAIN ENTRY--AUTHOR NAME
Personal name Stevens W H
245 #0 - TITLE STATEMENT
Title Latex processes and potentialities 2: Moulding and casting
260 ## - PUBLICATION, DISTRIBUTION, ETC. (IMPRINT)
Name of publisher Rubber Developments
Year of publication 1947
300 ## - PHYSICAL DESCRIPTION
Number of Pages 12-Sep
650 ## - SUBJECT ADDED ENTRY--TOPICAL TERM
Topical Term Casting
650 ## - SUBJECT ADDED ENTRY--TOPICAL TERM
Topical Term Latex moulding
650 ## - SUBJECT ADDED ENTRY--TOPICAL TERM
Topical Term Rubber latex
942 ## - ADDED ENTRY ELEMENTS (KOHA)
Koha item type Journals
Holdings
Withdrawn status Lost status Damaged status Not for loan Home library Current library Shelving location Date acquired Serial Enumeration / chronology Koha item type
      Journals RRII Library RRII Library Rubber chemistry 17/12/2021 Volume 1, Issue 2 Journals